000 00372nam a2200145Ia 4500
008 230711s9999||||xx |||||||||||||| ||und||
041 _aENG
082 _a5
_bGR-C
100 _aPs GroverĀ 
245 0 _aComputer programming in basic
250 _a13th Ed.
260 _c1980
_aNew Delhi
_bAllied Publishers Private Limited
650 _aComputer Engineering
942 _cBK
999 _c2012
_d2012